| 000 | 00449nam a2200133Ia 4500 | ||
|---|---|---|---|
| 008 | 180321s2011 xx 000 0 und d | ||
| 082 | _a342.085 WOR | ||
| 245 | _aConsultations towards India's second universal periodic review (August-October 2011) Background documents | ||
| 260 |
_aNew Delhi _bWorking Group Human Rights _c2011 |
||
| 300 | _a500 | ||
| 650 | _aAccess to jusice | ||
| 650 | _aHuman Rights council | ||
| 906 | _aReceived on 12.01.2018 | ||
| 999 |
_c110881 _d110881 |
||